书目信息 |
| 题名: |
食品营养学
|
|
| 作者: | 刘志皋 主编 ;曹小红 副主编 | |
| 分册: | ||
| 出版信息: | 北京 中国轻工业出版社 2008.02 |
|
| 页数: | 287页 | |
| 开本: | 24cm | |
| 丛书名: | ||
| 单 册: | ||
| 中图分类: | R151.3 | |
| 科图分类: | ||
| 主题词: | 食品营养--shi pin ying yang--高等学校--教材 | |
| 电子资源: | ||
| ISBN: | 978-7-5019-4241-1 | |
| 000 | 00859nam0 2200265 450 | |
| 001 | 0100000719 | |
| 005 | 20100812161550.59 | |
| 010 | @a978-7-5019-4241-1@dCNY35.00 | |
| 100 | @a20100515d2008 em y0chiy0121 ea | |
| 101 | 0 | @achi |
| 102 | @aCN@b110000 | |
| 105 | @aa a 000yy | |
| 200 | 1 | @a食品营养学@Ashi pin ying yang xue@f刘志皋主编@g曹小红副主编 |
| 205 | @a第2版 | |
| 210 | @a北京@c中国轻工业出版社@d2008.02 | |
| 215 | @a287页@c图@d24cm | |
| 300 | @a高等学校专业教材 | |
| 320 | @a有书目 (第286-287页) | |
| 330 | @a本书在力图结合食品专业, 重点论述食品加工对食品营养素的影响时, 扼要介绍营养学的基本知识, 以利于学生学习。 | |
| 606 | 0 | @a食品营养@Ashi pin ying yang@x高等学校@j教材 |
| 690 | @aR151.3@v4 | |
| 701 | 0 | @a刘志皋@Aliu zhi gao@4主编 |
| 702 | 0 | @a曹小红@Acao xiao hong@4副主编 |
| 801 | 0 | @aCN@c20100515 |
| 905 | @dR151.3@eL731=2@f5 | |
| 食品营养学/刘志皋主编/曹小红副主编.-第2版.-北京:中国轻工业出版社,2008.02 |
| 287页:图;24cm |
| 高等学校专业教材 |
| ISBN 978-7-5019-4241-1:CNY35.00 |
| 本书在力图结合食品专业, 重点论述食品加工对食品营养素的影响时, 扼要介绍营养学的基本知识, 以利于学生学习。 |
| ● |
| 相关链接 |
|
|
|
正题名:食品营养学
索取号:R151.3/L731=2
 
预约/预借
| 序号 | 登录号 | 条形码 | 馆藏地/架位号 | 状态 | 备注 |
| 1 | 1025729 | 210257292 | 自科库401/401自科库 104排4列1层/ [索取号:R151.3/L731=2] | 在馆 | |
| 2 | 1025730 | 210257309 | 自科库401/401自科库 104排4列1层/ [索取号:R151.3/L731=2] | 在馆 | |
| 3 | 1025731 | 210257318 | 自科库401/401自科库 104排4列1层/ [索取号:R151.3/L731=2] | 在馆 | |
| 4 | 1025732 | 210257327 | 自科库401/401自科库 104排4列1层/ [索取号:R151.3/L731=2] | 在馆 | |
| 5 | 1025733 | 210257336 | 自科库401/401自科库 104排4列1层/ [索取号:R151.3/L731=2] | 在馆 |